000 02013nam1a2200361 4500
001 RU\NLR\BIBL_A\011253765
005 20161027110151.0
010 _a978-5-16-001667-8
_bобщ.
035 _a(NLR Aleph) 011253765
090 _a12181498
_c12181498
100 _a20161018g20169999um y0rusy50 ca
101 0 _arus
102 _aRU
105 _a||||n||||||||
200 1 _aКомментарий к Гражданскому кодексу Российской Федерации части четвертой
_e(постатейный)
_e[в 2 т.]
_fИн-т законодательства и сравнит. правоведения при Правительстве Рос. Федерации
_g[Горленко С.А., к.ю.н. и др.]
_gотв. ред. Л.А. Трахтенгерц
205 _a2-е изд.
210 _aМосква
_cИНФРА-М
_d2016
215 _d22
604 _171001$aРоссийская Федерация
_1500##$aГражданский кодекс$jКомментарии$2nlr_sh2$3RU\NLR\AUTH\661284044
606 1 _aИнтеллектуальная собственность
_yРоссийская Федерация
_jЗаконодательные материалы
_jКомментарии
_2nlr_sh1
_2nlr_sh2
_3RU\NLR\AUTH\661280369
686 1 _aХ623-324.9(2Р)
686 1 _aХ623.3-39(2Р)
686 1 _aХ623.4-39(2Р)
702 1 _aГорленко
_bС. А.
_gСветлана Антоновна
_4210
702 1 _aТрахтенгерц
_bЛ. А.
_gЛюдмила Анатольевна
_4340
712 0 2 _aИнститут законодательства и сравнительного правоведения
_cМосква
_3RU\NLR\AUTH\889936225
_4570
741 1 _aРоссийская Федерация
_tЗаконы
_iГражданский кодекс
_3RU\NLR\AUTH\880379476
852 _aNLR
_j2016-5/7496
942 _cBOOK
980 _aNBR
980 _aNB